| 000 | 00377 a2200169 4500 | ||
|---|---|---|---|
| 001 | 16071 | ||
| 020 | _a9788581683584 | ||
| 040 | _cAnchieta - Bela Vista | ||
| 100 | _aSilva, Zeneide | ||
| 240 | 1 | 0 |
_aThe magic flute _leng |
| 245 | 1 | 0 | _aThe magic flute |
| 300 | _a16 | ||
| 362 | 0 | _a2015 | |
| 440 | 1 | _aPrazer de ler | |
| 650 | 4 | _aLiteratura infantil em inglês | |
| 942 | _cBK | ||
| 999 |
_c16071 _d16071 |
||